[Event "Winnipeg TNT March op"]
[Site "Winnipeg CAN"]
[Date "2004.03.23"]
[Round "4"]
[White "Reimer, Bruce"]
[Black "Rutter, Blair"]
[Result "1/2-1/2"]
[WhiteElo "1330"]
[BlackElo "1657"]
[PlyCount "119"]
[GameId "2160767911183680"]
[EventDate "2004.03.02"]
[EventType "swiss"]
[EventRounds "5"]
[EventCountry "CAN"]
[SourceTitle "EXT 2006"]
[Source "ChessBase"]
[SourceDate "2005.11.24"]
[SourceVersion "1"]
[SourceVersionDate "2005.11.24"]
[SourceQuality "1"]

1. c4 e5 2. g3 f5 3. Nc3 Nf6 4. Bg2 Nc6 5. e3 Bc5 6. Nge2 O-O 7. O-O a6 8. d4 exd4 9. exd4 Be7 10. b3 d6 11. Bb2 Qe8 12. Nf4 Nd8 13. Nfd5 Qd7 14. Re1 Re8 15. Qd2 Nf7 16. Re2 Bd8 17. Nxf6+ Bxf6 18. Rxe8+ Qxe8 19. Nd5 Bd8 20. Re1 Qd7 21. Qe2 Kf8 22. Bh3 g6 23. Nf4 c6 24. d5 cxd5 25. cxd5 Ng5 26. Bg2 Ba5 27. Rc1 Qe7 28. Qd3 Nf7 29. Qd4 Qe5 30. Qxe5 dxe5 31. Ne6+ Ke7 32. Nc5 Rb8 33. Rd1 Bc7 34. f3 Bd6 35. Nd3 Bd7 36. Re1 Rc8 37. Nxe5 Nxe5 38. Bxe5 Bxe5 39. f4 Rc2 40. fxe5 Rxa2 41. d6+ Ke6 42. Bxb7 Ra5 43. Kf2 Rxe5 44. Rxe5+ Kxe5 45. Bxa6 Kxd6 46. b4 g5 47. Bd3 h6 48. Ke3 Ke5 49. b5 Kd5 50. b6 Bc6 51. Bxf5 Ke5 52. Bd3 Bb7 53. Kf2 Kd5 54. Kf3 Kd4+ 55. Be4 Bxe4+ 56. Kg4 Ke5 57. Kh5 Kf6 58. Kxh6 Kf5 59. Kh5 Bf3+ 60. Kh6 1/2-1/2

[Event "Winnipeg TNT March op"]
[Site "Winnipeg CAN"]
[Date "2004.03.23"]
[Round "4"]
[White "Repa, Jason"]
[Black "Greenberg, Harley"]
[Result "1-0"]
[WhiteElo "1967"]
[BlackElo "1815"]
[PlyCount "123"]
[GameId "2160767911183681"]
[EventDate "2004.03.02"]
[EventType "swiss"]
[EventRounds "5"]
[EventCountry "CAN"]
[SourceTitle "EXT 2006"]
[Source "ChessBase"]
[SourceDate "2005.11.24"]
[SourceVersion "1"]
[SourceVersionDate "2005.11.24"]
[SourceQuality "1"]

1. f4 d5 2. b3 Nf6 3. Nf3 g6 4. e3 Bg7 5. Bb2 c5 6. a4 Nc6 7. Bb5 a6 8. Bxc6+ bxc6 9. d3 O-O 10. Qe2 a5 11. Nbd2 Rb8 12. Ne5 Qc7 13. O-O Nd7 14. Ndf3 f6 15. Nxd7 Bxd7 16. Rab1 e5 17. fxe5 fxe5 18. e4 d4 19. Nd2 Bh6 20. Nc4 Be6 21. Na3 Be3+ 22. Kh1 Rf4 23. Rxf4 exf4 24. Rf1 h5 25. Bc1 Bg4 26. Qe1 Rf8 27. Nc4 g5 28. Qxa5 Qxa5 29. Nxa5 f3 30. Bxe3 dxe3 31. gxf3 e2 32. Re1 Bxf3+ 33. Kg1 Kf7 34. Nc4 Ke6 35. a5 g4 36. Kf2 h4 37. Ne3 Ke5 38. a6 Kf4 39. Nf5 g3+ 40. hxg3+ hxg3+ 41. Nxg3 Ke5 42. Nxe2 Bxe4+ 43. Ke3 Bh7 44. a7 Kd6 45. Rg1 Ra8 46. Ra1 Kc7 47. Ng3 Kb7 48. Ne4 Rxa7 49. Nxc5+ Kb6 50. Rxa7 Kxa7 51. Kd4 Kb6 52. c3 Bg6 53. b4 Bh5 54. Nd7+ Kb5 55. Ne5 Be8 56. Nf3 Bh5 57. Nd2 Bg6 58. Nb1 Ka4 59. Kc4 Bf5 60. Nd2 Bg4 61. Kc5 Be2 62. d4 1-0

[Event "Winnipeg TNT March op"]
[Site "Winnipeg CAN"]
[Date "2004.03.23"]
[Round "4"]
[White "Schulz, Waldemar"]
[Black "Babb, Jeff"]
[Result "1-0"]
[WhiteElo "2088"]
[BlackElo "2145"]
[PlyCount "49"]
[GameId "2160767911183682"]
[EventDate "2004.03.02"]
[EventType "swiss"]
[EventRounds "5"]
[EventCountry "CAN"]
[SourceTitle "EXT 2006"]
[Source "ChessBase"]
[SourceDate "2005.11.24"]
[SourceVersion "1"]
[SourceVersionDate "2005.11.24"]
[SourceQuality "1"]

1. Nf3 Nc6 2. d4 d5 3. c4 Bg4 4. e3 e5 5. h3 Bxf3 6. Qxf3 Bb4+ 7. Bd2 exd4 8. cxd5 Bxd2+ 9. Nxd2 dxe3 10. fxe3 Nb4 11. Bb5+ Kf8 12. O-O Qe7 13. e4 h5 14. Bc4 Nf6 15. Rac1 a5 16. Qf4 Re8 17. a3 Na6 18. Bxa6 bxa6 19. Rxc7 Qe5 20. Qxe5 Rxe5 21. d6 Kg8 22. Rxf6 gxf6 23. Rc8+ Kg7 24. Rxh8 f5 25. d7 1-0

[Event "Winnipeg TNT March op"]
[Site "Winnipeg CAN"]
[Date "2004.03.23"]
[Round "4"]
[White "Silva, T Romero"]
[Black "Cleto, Sam"]
[Result "0-1"]
[WhiteElo "1603"]
[BlackElo "1865"]
[PlyCount "66"]
[GameId "2160767911183683"]
[EventDate "2004.03.02"]
[EventType "swiss"]
[EventRounds "5"]
[EventCountry "CAN"]
[SourceTitle "EXT 2006"]
[Source "ChessBase"]
[SourceDate "2005.11.24"]
[SourceVersion "1"]
[SourceVersionDate "2005.11.24"]
[SourceQuality "1"]

1. d4 Nf6 2. c4 e6 3. Nc3 Bb4 4. Nf3 O-O 5. Bg5 h6 6. Bh4 g5 7. Bg3 Ne4 8. Rc1 f5 9. h4 g4 10. Ne5 Qf6 11. e3 Nc6 12. Nxc6 bxc6 13. c5 Nxg3 14. fxg3 e5 15. a3 Bxc3+ 16. Rxc3 Rb8 17. b3 Re8 18. Bc4+ Kg7 19. O-O d5 20. cxd6 cxd6 21. b4 d5 22. Bb3 Ba6 23. Rf2 exd4 24. exd4 Re4 25. Kh2 Rxd4 26. Qc2 Bc4 27. Bxc4 f4 28. Rxf4 Rxf4 29. gxf4 Qxh4+ 30. Kg1 dxc4 31. Qe2 Kf8 32. Rxc4 g3 33. Qf3 Re8 0-1

[Event "Winnipeg TNT March op"]
[Site "Winnipeg CAN"]
[Date "2004.03.23"]
[Round "4"]
[White "Zaczek, Jonathon"]
[Black "Pottinger, Carl"]
[Result "1-0"]
[WhiteElo "1832"]
[BlackElo "1603"]
[PlyCount "75"]
[GameId "2160767911183684"]
[EventDate "2004.03.02"]
[EventType "swiss"]
[EventRounds "5"]
[EventCountry "CAN"]
[SourceTitle "EXT 2006"]
[Source "ChessBase"]
[SourceDate "2005.11.24"]
[SourceVersion "1"]
[SourceVersionDate "2005.11.24"]
[SourceQuality "1"]

1. e4 c5 2. Nc3 d6 3. Nf3 Nf6 4. g3 g6 5. Bg2 Bg7 6. O-O O-O 7. d4 cxd4 8. Nxd4 Nbd7 9. h3 Rb8 10. Kh2 Nc5 11. Be3 Bd7 12. Nb3 Nxb3 13. axb3 a6 14. Qd2 Be6 15. f4 Qc7 16. f5 Bd7 17. Bg5 Bc6 18. Nd5 Bxd5 19. exd5 Rbc8 20. c3 Rfe8 21. Rae1 Qd8 22. fxg6 hxg6 23. Qf4 Rf8 24. Re2 Rc7 25. Rfe1 Nh5 26. Qh4 Be5 27. Re3 Kg7 28. Kh1 Rh8 29. Qg4 Nf6 30. Qe2 Rh5 31. Rxe5 dxe5 32. Qxe5 Qd6 33. Bxf6+ Qxf6 34. Qxc7 Qf2 35. Qxe7 Qxg3 36. Qe3 Qd6 37. Qd4+ f6 38. Re6 1-0

[Event "Winnipeg TNT May op"]
[Site "Winnipeg CAN"]
[Date "2004.05.04"]
[Round "1"]
[White "Anderson, George"]
[Black "Lauritson, Jim"]
[Result "0-1"]
[WhiteElo "1510"]
[BlackElo "1893"]
[PlyCount "94"]
[GameId "2160767911158248"]
[EventDate "2004.05.04"]
[EventType "swiss"]
[EventRounds "4"]
[EventCountry "CAN"]
[SourceTitle "EXT 2005"]
[Source "ChessBase"]
[SourceDate "2004.11.15"]
[SourceVersion "1"]
[SourceVersionDate "2004.11.15"]
[SourceQuality "1"]

1. b4 e5 2. Bb2 e4 3. b5 d5 4. e3 Nf6 5. c4 Be6 6. cxd5 Bxd5 7. Ne2 Bc4 8. Ng3 Bxf1 9. Rxf1 Nbd7 10. Nc3 Nc5 11. Qc2 Nd3+ 12. Ke2 Nxb2 13. Qxb2 Qd3+ 14. Kd1 Bd6 15. Qc2 Bxg3 16. Qxd3 exd3 17. hxg3 O-O 18. f3 a6 19. g4 Rfd8 20. Ke1 Nd5 21. bxa6 Rxa6 22. Nxd5 Rxd5 23. e4 Rda5 24. Kf2 Rxa2 25. Rxa2 Rxa2 26. Ke3 Ra3 27. Rb1 b6 28. Rc1 Ra7 29. Kxd3 Kf8 30. Rc2 Ke7 31. f4 Kd6 32. Ke2 c5 33. Rb2 Kc6 34. d3 b5 35. f5 f6 36. Kd2 b4 37. Kc2 Kb5 38. g3 Ra1 39. Rb1 Ra8 40. Kb2 Ra3 41. Kc2 c4 42. dxc4+ Kxc4 43. g5 Rxg3 44. gxf6 Rg2+ 45. Kc1 gxf6 46. Rb2 Rxb2 47. Kxb2 Kd4 0-1

[Event "Winnipeg TNT May op"]
[Site "Winnipeg CAN"]
[Date "2004.05.04"]
[Round "1"]
[White "Cleto, Sam"]
[Black "Reimer, Bruce"]
[Result "1-0"]
[WhiteElo "1883"]
[BlackElo "1375"]
[PlyCount "61"]
[GameId "2160767911158249"]
[EventDate "2004.05.04"]
[EventType "swiss"]
[EventRounds "4"]
[EventCountry "CAN"]
[SourceTitle "EXT 2005"]
[Source "ChessBase"]
[SourceDate "2004.11.15"]
[SourceVersion "1"]
[SourceVersionDate "2004.11.15"]
[SourceQuality "1"]

1. d4 Nf6 2. c4 e6 3. Nf3 b6 4. a3 Bb7 5. Nc3 Be7 6. Qc2 c5 7. Bf4 cxd4 8. Nxd4 Nc6 9. Nxc6 Bxc6 10. f3 d5 11. cxd5 Bxd5 12. Rd1 Qc8 13. e4 Bc4 14. Qa4+ b5 15. Nxb5 Bxb5 16. Bxb5+ Kf8 17. Bc6 Rb8 18. Bxb8 Qxb8 19. b4 g6 20. O-O Bd6 21. Rxd6 Qxd6 22. Rd1 Qc7 23. b5 Kg7 24. Qd4 a6 25. e5 Ng8 26. Qf4 Qb6+ 27. Kh1 Qa5 28. Be8 Nh6 29. Qf6+ Kg8 30. bxa6 Qxa6 31. Bb5 1-0

[Event "Winnipeg TNT May op"]
[Site "Winnipeg CAN"]
[Date "2004.05.04"]
[Round "1"]
[White "Czypinski, Jaroslaw"]
[Black "Degroot, Stephen"]
[Result "1-0"]
[WhiteElo "1903"]
[BlackElo "1552"]
[PlyCount "21"]
[GameId "2160767911158251"]
[EventDate "2004.05.04"]
[EventType "swiss"]
[EventRounds "4"]
[EventCountry "CAN"]
[SourceTitle "EXT 2005"]
[Source "ChessBase"]
[SourceDate "2004.11.15"]
[SourceVersion "1"]
[SourceVersionDate "2004.11.15"]
[SourceQuality "1"]

1. e4 c5 2. d4 cxd4 3. c3 dxc3 4. Nxc3 Nc6 5. Nf3 e5 6. Bc4 Be7 7. Qd5 Qc7 8. Qxf7+ Kd8 9. Qxg7 Qd6 10. Qxh8 Qg6 11. Qxg8+ 1-0

[Event "Winnipeg TNT May op"]
[Site "Winnipeg CAN"]
[Date "2004.05.04"]
[Round "1"]
[White "Estabrooks, Mike"]
[Black "Babb, Jeff"]
[Result "0-1"]
[WhiteElo "1700"]
[BlackElo "2163"]
[PlyCount "72"]
[GameId "2160767911158252"]
[EventDate "2004.05.04"]
[EventType "swiss"]
[EventRounds "4"]
[EventCountry "CAN"]
[SourceTitle "EXT 2005"]
[Source "ChessBase"]
[SourceDate "2004.11.15"]
[SourceVersion "1"]
[SourceVersionDate "2004.11.15"]
[SourceQuality "1"]

1. f4 g6 2. e4 d6 3. d4 Nf6 4. Nc3 Bg7 5. Be3 Ng4 6. Qd2 c6 7. h3 Nxe3 8. Qxe3 Qb6 9. O-O-O e5 10. Nf3 O-O 11. g4 Nd7 12. Bc4 exd4 13. Nxd4 Re8 14. Qd2 Qc5 15. Bb3 Nb6 16. Nde2 a5 17. a3 a4 18. Ba2 d5 19. exd5 cxd5 20. Bxd5 Be6 21. Bxe6 Rxe6 22. Qd3 Nc4 23. Qd5 Qe3+ 24. Kb1 Nxa3+ 25. bxa3 Bxc3 26. Nxc3 Qxc3 27. Rd3 Rb6+ 28. Kc1 Qb2+ 29. Kd2 Rc8 30. Rc1 Rbc6 31. Qd7 Rxc2+ 32. Rxc2 Rxc2+ 33. Ke3 Re2+ 34. Kf3 Rf2+ 35. Kg3 Rg2+ 36. Kh4 Qf6+ 0-1

[Event "Winnipeg TNT May op"]
[Site "Winnipeg CAN"]
[Date "2004.05.04"]
[Round "1"]
[White "Lipnowski, Samuel"]
[Black "MacPherson, Al"]
[Result "1-0"]
[WhiteElo "2121"]
[BlackElo "1638"]
[PlyCount "27"]
[GameId "2160767911158253"]
[EventDate "2004.05.04"]
[EventType "swiss"]
[EventRounds "4"]
[EventCountry "CAN"]
[SourceTitle "EXT 2005"]
[Source "ChessBase"]
[SourceDate "2004.11.15"]
[SourceVersion "1"]
[SourceVersionDate "2004.11.15"]
[SourceQuality "1"]

1. d4 d5 2. Nf3 c5 3. c3 Bf5 4. Qb3 Bc8 5. Bg5 Nf6 6. Bxf6 exf6 7. dxc5 Na6 8. Qb5+ Qd7 9. Qxd7+ Bxd7 10. b4 Be7 11. e3 b5 12. Nd4 O-O 13. Bxb5 Bxb5 14. Nxb5 1-0

[Event "Winnipeg TNT May op"]
[Site "Winnipeg CAN"]
[Date "2004.05.04"]
[Round "1"]
[White "Milord, Frank"]
[Black "Schulz, Waldemar"]
[Result "0-1"]
[WhiteElo "1555"]
[BlackElo "2088"]
[PlyCount "94"]
[GameId "2160767911158254"]
[EventDate "2004.05.04"]
[EventType "swiss"]
[EventRounds "4"]
[EventCountry "CAN"]
[SourceTitle "EXT 2005"]
[Source "ChessBase"]
[SourceDate "2004.11.15"]
[SourceVersion "1"]
[SourceVersionDate "2004.11.15"]
[SourceQuality "1"]

1. d4 d5 2. c4 e6 3. Nf3 Nf6 4. Nc3 c6 5. e3 Nbd7 6. Qc2 Be7 7. e4 dxe4 8. Nxe4 O-O 9. Be2 Nxe4 10. Qxe4 Nf6 11. Qc2 Bb4+ 12. Bd2 Qe7 13. O-O Bxd2 14. Qxd2 Rd8 15. Qc2 Bd7 16. b4 Be8 17. a4 Qxb4 18. Rab1 Qe7 19. c5 Nd5 20. a5 Qc7 21. a6 bxa6 22. Bxa6 Rdb8 23. Ng5 Nf6 24. Nf3 Bd7 25. g3 Bc8 26. Bxc8 Qxc8 27. Ne5 Nd7 28. Nc4 Qc7 29. Qe4 Nf6 30. Qf3 Nd5 31. Qa3 h6 32. Rfe1 Rxb1 33. Rxb1 Rb8 34. Rb3 Ne7 35. Nd6 Rxb3 36. Qxb3 a5 37. Nc4 Nf5 38. Qb6 Qd7 39. Ne5 Qxd4 40. Qb8+ Kh7 41. Nxf7 Qd1+ 42. Kg2 Qd5+ 43. Kg1 Nd4 44. Ne5 Nf3+ 45. Nxf3 Qxf3 46. Qa8 Qd1+ 47. Kg2 Qd5+ 0-1

[Event "Winnipeg TNT May op"]
[Site "Winnipeg CAN"]
[Date "2004.05.04"]
[Round "1"]
[White "Mor, Shai"]
[Black "Zaczek, Jonathon"]
[Result "0-1"]
[WhiteElo "1370"]
[BlackElo "1856"]
[PlyCount "60"]
[GameId "2160767911158255"]
[EventDate "2004.05.04"]
[EventType "swiss"]
[EventRounds "4"]
[EventCountry "CAN"]
[SourceTitle "EXT 2005"]
[Source "ChessBase"]
[SourceDate "2004.11.15"]
[SourceVersion "1"]
[SourceVersionDate "2004.11.15"]
[SourceQuality "1"]

1. e4 c5 2. c4 g6 3. g3 Bg7 4. Bg2 Nc6 5. Nc3 Nf6 6. d3 O-O 7. Nge2 Rb8 8. Rb1 a6 9. Be3 d6 10. O-O Ne8 11. d4 cxd4 12. Nxd4 Nc7 13. f4 Ne6 14. Nxc6 bxc6 15. f5 Nc5 16. fxg6 hxg6 17. Bd4 Nd7 18. Bxg7 Kxg7 19. Bh3 Ne5 20. Bxc8 Qxc8 21. b3 Qh3 22. Rb2 Rh8 23. Re1 Rh6 24. Qd4 c5 25. Qe3 Rbh8 26. Ree2 Ng4 27. Qd2 Nxh2 28. Rxh2 Qxg3+ 29. Qg2 Qe1+ 30. Qf1 Qxf1+ 0-1

[Event "Winnipeg TNT May op"]
[Site "Winnipeg CAN"]
[Date "2004.05.04"]
[Round "1"]
[White "Silva, T Romero"]
[Black "Valgardson, Andrew"]
[Result "0-1"]
[WhiteElo "1631"]
[BlackElo "1494"]
[PlyCount "89"]
[GameId "2160767911158256"]
[EventDate "2004.05.04"]
[EventType "swiss"]
[EventRounds "4"]
[EventCountry "CAN"]

1. d4 d5 2. c4 dxc4 3. Nc3 Nf6 4. e4 e6 5. Bxc4 c5 6. d5 exd5 7. exd5 Bd7 8. Nf3 Bg4 9. O-O Bd6 10. h3 Bxf3 11. Qxf3 O-O 12. Re1 Re8 13. Bg5 Rxe1+ 14. Rxe1 Qb6 15. Bxf6 gxf6 16. Qxf6 Bh2+ 17. Kxh2 Qxf6 18. Re8+ Kg7 19. Ne4 Qd4 20. b3 f5 21. Ng3 f4 22. Nf5+ Kf7 23. Re7+ Kf6 24. Re6+ Kxf5 25. f3 Nd7 26. Re7 Ne5 27. Rxb7 Nxc4 28. bxc4 Qxc4 29. d6 Rd8 30. Rxa7 Rxd6 31. Rxh7 Qxa2 32. Rh5+ Ke6 33. Rxc5 Rd1 34. Rg5 Rd2 35. Rg4 Rd3 36. Rxf4 Ke5 37. Re4+ Kf5 38. h4 Rd1 39. Re8 Kf4 40. Re4+ Kf5 41. Re8 Rd2 42. Rf8+ Ke5 43. Rg8 Kf4 44. Rg4+ Kf5 45. Rg8 0-1

[Event "Winnipeg TNT May op"]
[Site "Winnipeg CAN"]
[Date "2004.05.11"]
[Round "2"]
[White "Babb, Jeff"]
[Black "Cleto, Sam"]
[Result "1-0"]
[WhiteElo "2163"]
[BlackElo "1883"]
[PlyCount "116"]
[GameId "2160767911158259"]
[EventDate "2004.05.04"]
[EventType "swiss"]
[EventRounds "4"]
[EventCountry "CAN"]
[SourceTitle "EXT 2005"]
[Source "ChessBase"]
[SourceDate "2004.11.15"]
[SourceVersion "1"]
[SourceVersionDate "2004.11.15"]
[SourceQuality "1"]

1. e4 c5 2. Nc3 e6 3. g3 Nc6 4. Bg2 Nf6 5. Nge2 e5 6. d3 Be7 7. O-O d6 8. f4 Bg4 9. h3 Bxe2 10. Qxe2 Qb6 11. Qf2 O-O 12. f5 Nd4 13. g4 Bd8 14. g5 Nh5 15. Nd5 Qa5 16. Bd2 Qb5 17. c3 Nc2 18. c4 Qd7 19. Rac1 Nd4 20. Bf3 Nf4 21. Nxf4 exf4 22. Bxf4 Rb8 23. Qg3 Bc7 24. Bg4 Qa4 25. Bxd6 Bxd6 26. Qxd6 Qxa2 27. Rf2 Rbd8 28. Qg3 Qb3 29. Rc3 Qa2 30. Qe3 Nb3 31. Kg2 a5 32. Bd1 a4 33. Bxb3 axb3 34. Qxc5 Qb1 35. Qe3 Qd1 36. Qe2 Qb1 37. Rxb3 Ra8 38. Rxb7 Rfb8 39. Rxb8+ Rxb8 40. Qc2 Qe1 41. Qd2 Qb1 42. c5 Ra8 43. Rf1 Qa2 44. Rc1 Rb8 45. Rc2 f6 46. c6 Qb1 47. c7 Rc8 48. Rc1 Qa2 49. Qc3 Qa7 50. Qc5 Qxc5 51. Rxc5 Kf7 52. gxf6 gxf6 53. b4 Kg7 54. b5 Kh6 55. b6 Rg8+ 56. Kf3 Rg1 57. c8=Q Rf1+ 58. Ke2 Rxf5 1-0

[Event "Winnipeg TNT May op"]
[Site "Winnipeg CAN"]
[Date "2004.05.11"]
[Round "2"]
[White "Degroot, Stephen"]
[Black "Estabrooks, Mike"]
[Result "0-1"]
[WhiteElo "1552"]
[BlackElo "1700"]
[PlyCount "74"]
[GameId "2160767911158261"]
[EventDate "2004.05.04"]
[EventType "swiss"]
[EventRounds "4"]
[EventCountry "CAN"]
[SourceTitle "EXT 2005"]
[Source "ChessBase"]
[SourceDate "2004.11.15"]
[SourceVersion "1"]
[SourceVersionDate "2004.11.15"]
[SourceQuality "1"]

1. e4 d5 2. exd5 Qxd5 3. c4 Qa5 4. Nc3 Bf5 5. a3 e6 6. Nf3 Nf6 7. Be2 c6 8. O-O Nbd7 9. d3 Rd8 10. Nd4 Bg6 11. b4 Qc7 12. Nf3 Be7 13. Be3 Ng4 14. Bxa7 b6 15. Bxb6 Nxb6 16. h3 Ne5 17. d4 Nxf3+ 18. Bxf3 Nxc4 19. Qb3 Nd2 20. Qa4 Nxf3+ 21. gxf3 Bf5 22. Rac1 O-O 23. Ne2 Ra8 24. Qxc6 Qxc6 25. Rxc6 Rxa3 26. Rb6 Rxf3 27. Ng3 Bxh3 28. Rb1 Bh4 29. Kh2 Bf5 30. Nxf5 Rxf5 31. b5 Bxf2 32. Rd6 Rd5 33. Rxd5 exd5 34. b6 Bxd4 35. b7 f6 36. b8=Q Be5+ 37. Qxe5 fxe5 0-1

[Event "Winnipeg TNT May op"]
[Site "Winnipeg CAN"]
[Date "2004.05.11"]
[Round "2"]
[White "Lauritson, Jim"]
[Black "Lipnowski, Samuel"]
[Result "1-0"]
[WhiteElo "1893"]
[BlackElo "2121"]
[PlyCount "75"]
[GameId "2160767911158262"]
[EventDate "2004.05.04"]
[EventType "swiss"]
[EventRounds "4"]
[EventCountry "CAN"]
[SourceTitle "EXT 2005"]
[Source "ChessBase"]
[SourceDate "2004.11.15"]
[SourceVersion "1"]
[SourceVersionDate "2004.11.15"]
[SourceQuality "1"]

1. e4 d5 2. exd5 Qxd5 3. Nf3 Nf6 4. d4 a6 5. Be2 b5 6. Nc3 Qd6 7. O-O Bb7 8. Ne5 e6 9. Bf4 Qb6 10. Bf3 Nbd7 11. Re1 Rd8 12. Qe2 Bb4 13. Bxb7 Qxb7 14. Nxf7 Kxf7 15. Qxe6+ Kg6 16. Re3 h5 17. Rg3+ Kh7 18. Qf7 Rhg8 19. Rg5 Qc6 20. d5 Ne5 21. Rxh5+ Nxh5 22. Qxh5+ Qh6 23. Bxh6 gxh6 24. Qxe5 Bd6 25. Qf5+ Rg6 26. Re1 Rf8 27. Qd3 Kg7 28. Re6 Rg4 29. Qh3 Rff4 30. Qxh6+ Kf7 31. Qh7+ Kf8 32. Qd7 Kg8 33. Re8+ Bf8 34. Qe6+ Kg7 35. h3 Rg5 36. Ne4 Rgf5 37. Rc8 Rf7 38. Rxc7 1-0

[Event "Winnipeg TNT May op"]
[Site "Winnipeg CAN"]
[Date "2004.05.11"]
[Round "2"]
[White "MacPherson, Al"]
[Black "Milord, Frank"]
[Result "0-1"]
[WhiteElo "1638"]
[BlackElo "1555"]
[PlyCount "97"]
[GameId "2160767911158263"]
[EventDate "2004.05.04"]
[EventType "swiss"]
[EventRounds "4"]
[EventCountry "CAN"]
[SourceTitle "EXT 2005"]
[Source "ChessBase"]
[SourceDate "2004.11.15"]
[SourceVersion "1"]
[SourceVersionDate "2004.11.15"]
[SourceQuality "1"]

1. d4 d5 2. c4 c6 3. Nc3 Nf6 4. cxd5 cxd5 5. Bf4 Bf5 6. Rc1 Nc6 7. e3 a6 8. Nf3 e6 9. Be2 Bd6 10. Bg3 O-O 11. Nh4 Bxg3 12. hxg3 Be4 13. f3 Bg6 14. Nxg6 hxg6 15. Kf2 Qd6 16. a3 g5 17. Rh2 g6 18. Qd2 Kg7 19. Rch1 Rh8 20. Rxh8 Rxh8 21. Rxh8 Kxh8 22. b4 b5 23. Qd1 e5 24. Qd2 exd4 25. exd4 Nh5 26. f4 gxf4 27. Bxh5 fxg3+ 28. Kf1 gxh5 29. Qe2 Qf4+ 30. Kg1 Nxd4 31. Qxh5+ Kg7 32. Nd1 Nf5 33. Qe2 d4 34. Qd3 f6 35. Qf1 Qxf1+ 36. Kxf1 Kg6 37. Ke2 Kg5 38. Kf3 d3 39. Ne3 d2 40. Nd1 Nd4+ 41. Kxg3 Nc2 42. Nc3 f5 43. Kf3 Nxa3 44. Ke2 Nc4 45. Nb1 d1=Q+ 46. Kxd1 Ne3+ 47. Ke2 Nxg2 48. Nd2 Nf4+ 49. Kd1 0-1

[Event "Winnipeg TNT May op"]
[Site "Winnipeg CAN"]
[Date "2004.05.11"]
[Round "2"]
[White "Nair, Krishnan"]
[Black "Mor, Shai"]
[Result "0-1"]
[WhiteElo "1221"]
[BlackElo "1370"]
[PlyCount "84"]
[GameId "2160767911158264"]
[EventDate "2004.05.04"]
[EventType "swiss"]
[EventRounds "4"]
[EventCountry "CAN"]
[SourceTitle "EXT 2005"]
[Source "ChessBase"]
[SourceDate "2004.11.15"]
[SourceVersion "1"]
[SourceVersionDate "2004.11.15"]
[SourceQuality "1"]

1. e4 e5 2. Bc4 Bc5 3. Qf3 Qf6 4. Qxf6 Nxf6 5. d3 d6 6. Nc3 b6 7. Bg5 Nbd7 8. Nh3 O-O 9. f3 c6 10. O-O-O a5 11. a3 Bb7 12. Rhf1 h6 13. Bd2 d5 14. exd5 Nxd5 15. Nxd5 cxd5 16. Bb5 Nb8 17. f4 Bc6 18. Bxc6 Nxc6 19. f5 b5 20. Rf3 b4 21. a4 Nd4 22. Rff1 b3 23. c3 Nc2 24. Rf3 Rfc8 25. Rg3 Ra6 26. Rf1 Kh7 27. Rgf3 f6 28. Rg3 d4 29. c4 Bb4 30. Rg6 Ne3 31. Bxe3 dxe3 32. Ng1 Bd2+ 33. Kd1 Rd6 34. Ke2 Rcd8 35. Rf3 Bc1 36. Rfg3 R8d7 37. c5 Rxd3 38. c6 Rd2+ 39. Kxe3 R7d3+ 40. Ke4 Rd4+ 41. Ke3 Rxb2+ 42. Kf3 Rf4# 0-1

[Event "Winnipeg TNT May op"]
[Site "Winnipeg CAN"]
[Date "2004.05.11"]
[Round "2"]
[White "Schulz, Waldemar"]
[Black "Zaczek, Jonathon"]
[Result "1-0"]
[WhiteElo "2088"]
[BlackElo "1856"]
[PlyCount "75"]
[GameId "2160767911158266"]
[EventDate "2004.05.04"]
[EventType "swiss"]
[EventRounds "4"]
[EventCountry "CAN"]
[SourceTitle "EXT 2005"]
[Source "ChessBase"]
[SourceDate "2004.11.15"]
[SourceVersion "1"]
[SourceVersionDate "2004.11.15"]
[SourceQuality "1"]

1. Nf3 Nf6 2. c4 g6 3. Nc3 Bg7 4. d4 O-O 5. e4 d6 6. Be2 e5 7. O-O Nc6 8. d5 Ne7 9. Ne1 Ne8 10. Be3 f5 11. f3 f4 12. Bf2 h5 13. Rc1 g5 14. c5 Ng6 15. cxd6 cxd6 16. Nd3 Rf7 17. a4 Nf6 18. Nb5 a6 19. Na3 g4 20. Nc4 Bh6 21. Rc3 gxf3 22. Bxf3 Ng4 23. a5 Nh4 24. Nb6 Nxf3+ 25. gxf3 Ne3 26. Bxe3 Bh3 27. Kh1 Bxf1 28. Nxa8 fxe3 29. Qxf1 Qxa8 30. Qh3 Qa7 31. Qxh5 Bf8 32. Qg6+ Rg7 33. Qe6+ Kh7 34. Qf5+ Kg8 35. Rc8 Rf7 36. Qg6+ Rg7 37. Qe6+ Kh7 38. Rxf8 1-0

[Event "Winnipeg TNT May op"]
[Site "Winnipeg CAN"]
[Date "2004.05.11"]
[Round "2"]
[White "Valgardson, Andrew"]
[Black "Czypinski, Jaroslaw"]
[Result "0-1"]
[WhiteElo "1494"]
[BlackElo "1901"]
[PlyCount "92"]
[GameId "2160767911158268"]
[EventDate "2004.05.04"]
[EventType "swiss"]
[EventRounds "4"]
[EventCountry "CAN"]

1. e4 e6 2. Nf3 d5 3. d3 dxe4 4. dxe4 Qxd1+ 5. Kxd1 Bc5 6. Be3 Bxe3 7. fxe3 Nf6 8. Nc3 Ng4 9. Ke2 b6 10. Rd1 Ba6+ 11. Kd2 Nf2 12. Bxa6 Nxa6 13. Ke2 Nxh1 14. Rxh1 O-O 15. a3 Rfd8 16. Nd4 c5 17. Ndb5 Rd7 18. Rd1 Rad8 19. Nxa7 Rxd1 20. Nxd1 Nc7 21. e5 f6 22. Nc6 Rd7 23. c4 Kf7 24. Nc3 f5 25. b4 cxb4 26. axb4 Ke8 27. b5 g5 28. Na4 Na8 29. c5 Rd5 30. Nb4 Rxe5 31. Kd3 bxc5 32. Nc6 c4+ 33. Kxc4 Re4+ 34. Kb3 Rxe3+ 35. Kb4 Kd7 36. Nc5+ Kc7 37. Ka5 Ra3+ 38. Kb4 Re3 39. Kc4 Re2 40. Na6+ Kd6 41. Nd8 Re4+ 42. Kd3 Rg4 43. Nf7+ Kd5 44. Nc7+ Nxc7 45. b6 Na6 46. b7 Nc5+ 0-1

[Event "Winnipeg TNT May op"]
[Site "Winnipeg CAN"]
[Date "2004.05.18"]
[Round "3"]
[White "Cleto, Sam"]
[Black "Mor, Shai"]
[Result "1-0"]
[WhiteElo "1903"]
[BlackElo "1398"]
[PlyCount "83"]
[GameId "2160767911158270"]
[EventDate "2004.05.04"]
[EventType "swiss"]
[EventRounds "4"]
[EventCountry "CAN"]
[SourceTitle "EXT 2005"]
[Source "ChessBase"]
[SourceDate "2004.11.15"]
[SourceVersion "1"]
[SourceVersionDate "2004.11.15"]
[SourceQuality "1"]

1. e4 b6 2. c4 e6 3. a3 Bb7 4. Nc3 g6 5. d4 Bg7 6. Be3 Nf6 7. f3 O-O 8. Bd3 d5 9. cxd5 exd5 10. e5 Re8 11. Nge2 Nfd7 12. O-O c5 13. f4 cxd4 14. Nxd4 Nc5 15. Bb5 Re7 16. b4 Ne6 17. Rc1 Rc7 18. Nce2 Nd7 19. Nxe6 fxe6 20. Nd4 Rxc1 21. Qxc1 Rc8 22. Qd1 Kf7 23. Qg4 Nf8 24. Nf3 h6 25. Nd4 Rc3 26. Bc1 a6 27. Bb2 Rc7 28. Bd3 Bc8 29. b5 a5 30. a4 Bd7 31. Rd1 h5 32. Qg3 Qe7 33. Ba3 Qd8 34. Bxf8 Kxf8 35. Bxg6 Qe7 36. Bxh5 Rc4 37. Qd3 Rxa4 38. Rc1 Qb4 39. Nc6 Qe4 40. Qg3 Qf5 41. Qh4 Bxc6 42. Qd8+ 1-0